00470nam a22001217a 4500038001800000082000800018100001600026245013600042264003400178300002500212700005300237856005800290 aNusrat Nadeem a200 aHaider, Ali aDevelopment and Analysis of Advanced Functional Alloys (Manufacturing and Investigation of FeCrCo and NiCrMo Alloys) /c Ali Haider aIslamabad;bSMME NUST;c2023; a221,p;bill;c30,cm. a Supervisor: Prof. Dr. Syed Husain Imran Jaffery u http://10.250.8.41:8080/xmlui/handle/123456789/40870